| 000 | 00572nam a2200205 i 4500 | ||
|---|---|---|---|
| 001 | 94704 | ||
| 003 | ES-MaACL | ||
| 005 | 20250801154219.0 | ||
| 007 | t| | ||
| 008 | 050512s1958 sp ||||1| spa d | ||
| 100 | 1 |
_aTudela, Mariano, _d1925-2001 _9111632 |
|
| 245 | 1 | 0 |
_aAlfonso XIII _b: el Rey Caballero / _cRené Luard. |
| 250 | _a[1ª ed.]. | ||
| 260 |
_aBarcelona : _bAHR, _c1958. |
||
| 300 |
_a219 p. ; _c20 cm. |
||
| 490 | 1 | _aHistoria y amor | |
| 830 | 0 | 0 |
_aHistoria y amor _9182274 |
| 852 |
_aES-MaACL _jC-15677 _bR.42891 |
||
| 999 |
_c94704 _d94704 |
||